| 000 | 00809nam a22002057a 4500 | ||
|---|---|---|---|
| 999 |
_c237 _d237 |
||
| 003 | AR-CdUCM | ||
| 008 | 190222b ||||| |||| 00| 0 spa d | ||
| 040 |
_aMUNICIPALIDAD PROVINCIAL DEL CUSCO _cBIBLIOTECA MUNICIPAL DEL CUSCO |
||
| 082 |
_a868.31 / _bC18 |
||
| 100 |
_aCalderón de la Barca, Pedro _9647 |
||
| 245 |
_aLa vida es un sueño : _bEl alcalde de Zalamea / |
||
| 260 |
_aMexico : _bEdit. Nacional, _c1973 |
||
| 300 |
_a324 paginas ; _c17 cm, |
||
| 505 | _aLa vida es un sueño --El alcalde de Zalamea -- El príncipe constante -- Casa con dos puertas mala es de guardar --La puerta de Mantible --La cena del rey Baltasar --La viña del señor / | ||
| 650 |
_aTeatro español _9648 |
||
| 650 |
_aEdad de oro _91038 |
||
| 650 |
_a1500-1700 _9871 |
||
| 942 |
_2ddc _cLIBROS |
||
| 945 |
_arjall _d2019-02-22 |
||